MARC

LEADER 00000nam0a2200000 4500
001 109563
005 20231031120057.0
035 |a (RuTPU)RU\TPU\book\118312 
090 |a 109563 
100 |a 20070209d1968 m y0rusy50 ca 
101 0 |a rus 
102 |a RU 
105 |a a z 001zy 
200 1 |a Устойчивость подземных трубопроводов  |f Э. М. Ясин, В. И. Черникин 
210 |a Москва  |c Недра  |d 1968 
215 |a 120 с.  |c ил. 
320 |a Библиогр.: с. 116-118. 
610 1 |a трубопроводы 
610 1 |a трубопроводы подземные 
610 1 |a устойчивость 
610 1 |a нефть 
610 1 |a транспортировка 
675 |a 665.5.0043  |v 3 
700 1 |a Ясин  |b Э. М.  |g Эммануил Моисеевич 
701 1 |a Черникин  |b В. И.  |g Вадим Иванович 
801 1 |a RU  |b 63413507  |c 20070209  |g PSBO 
801 2 |a RU  |b 63413507  |c 20191023  |g PSBO 
942 |c BK